000 00698pam a2200217 i 4500
001 2206321
005 20241113122038.0
008 741121s1975 maua 001 0 eng
020 _a0205046479 :
_c$17.95
050 0 0 _aQC23
_b.W414
082 0 0 _a530
100 1 _aWeidner, Richard T.
245 1 0 _aElementary physics, classical and modern /
_cRichard T. Weidner, Robert L. Sells ; with the assistance of Arthur E. Walters.
260 _aBoston :
_bAllyn and Bacon,
_c[1975]
300 _axvi, 813 p. :
_bill., ;
_c25 cm.
500 _aIncludes index.
650 0 _aPhysics.
700 1 _aSells, Robert L.,
_ejoint author.
700 1 _aWalters, Arthur E.,
_ejoint author.
942 _2lcc
_cBK
_n0
999 _c1109
_d1109